000 00582cam a2200217 a 4500
020 _a0026761106 (student text)
020 _a0026761203 (teacher's wraparound ed.)
040 _cDLC
082 0 0 _a641 GIE 1990 Or.
100 1 _aKowtaluk, Helen.
245 1 0 _aFood for today /
250 _a4th ed.
260 _aMission Hills, Calif. :
_bGlencoe Pub. Co.,
_cc1990.
300 _axi, 628 p. :
_bill. (some col.) ;
_c27 cm.
500 _aIncludes index.
650 0 _aFood.
650 0 _aNutrition.
650 0 _aCooking.
700 1 _aKopan, Alice Orphanos.
942 _cEK
999 _c11509
_d11509